000 01183nam0a22002651 4500
001 rc\2798598
005 20230601161429.0
035 _a(NLR Aleph) 006924630
090 _a7483766
_c7483766
100 _a20110915d1935 |||y0rusy50 ca
101 0 _arus
102 _aRU
105 _ay z |||||
200 1 _aМашиностроительные техникумы
_eСборник материалов к 1 Отраслевой конференции машиностроит. техникумов ГУУЗ тяжелой пром-сти
_fПод ред. инж. Н. И. Живейнова, с предисл. Д. А. Петровского
210 _a[Москва]
_cОНТИ
_d1935
_g1 журн. тип. ОНТИ
215 _a47 с.
_d22х15 см.
702 1 _aПетровский
_bД. А.
_4080
702 1 _aЖивейнов
_bН. И.
_gНиколай Иванович
_4340
710 0 1 _aСССР
_bНародный ком. тяжелой промышленности
_bГлавное упр-ние учеб. заведениями
801 0 _aRU
_bNLR
_gpsbo
801 1 _aRU
_bELAR
_2rusmarc
852 _aNLR
_j34-11/3593
942 _cBOOK
980 _aNB